{"text_format":"3","workbook":"xlsx","n_sheets":1,"sheets":["t276"],"read":"whole","date_system":"1900"}

{"sheet":"t276","index":0,"n_rows":218,"n_cols":7,"rows_kept":218,"merged":[[0,0,0,6],[28,0,28,5],[48,0,48,5],[169,0,169,5]]}
["TABELA 276.1 - Estatísticas Agrícolas, Município de Jaboticabal, Estado de São Paulo, 2016/17."]
["ITEM","UNIDADE","N.DE UPAs","MÍNIMO","MÉDIO","MÁXIMO","TOTAL"]
["Distância à sede do município","km",862,0.1,{"v":10.46,"d":"10.5"},{"v":35,"d":"35.0"},"-"]
["Área total","hectare",862,0.4,{"v":77.77,"d":"77.8"},{"v":2868.3,"d":"2,868.3"},{"v":67037.42,"d":"67,037.4"}]
["Área com cultura perene","hectare",42,0.1,{"v":8.25,"d":"8.3"},61.1,346.6]
["Área com cultura temporária","hectare",827,0.5,{"v":69.66,"d":"69.7"},{"v":2657.5,"d":"2,657.5"},{"v":57605.02,"d":"57,605.0"}]
["Área com pastagem","hectare",187,0.2,{"v":7.31,"d":"7.3"},{"v":112,"d":"112.0"},{"v":1366.6,"d":"1,366.6"}]
["Área com reflorestamento","hectare",56,0.1,{"v":2.53,"d":"2.5"},{"v":37,"d":"37.0"},141.5]
["Área com vegetação natural","hectare",295,0.1,{"v":8.84,"d":"8.8"},159.7,{"v":2606.62,"d":"2,606.6"}]
["Área com vegetação de brejo e várzea","hectare",425,0.1,{"v":5.91,"d":"5.9"},{"v":145,"d":"145.0"},{"v":2513.62,"d":"2,513.6"}]
["Área em descanso","hectare",27,0.2,{"v":5.48,"d":"5.5"},25.7,{"v":147.87,"d":"147.9"}]
["Área complementar","hectare",657,{"v":0.01,"d":"0.0"},{"v":3.52,"d":"3.5"},172.3,{"v":2309.59,"d":"2,309.6"}]
["Área das UPAs com (0, 1] ha","hectare",1,0.4,0.4,0.4,0.4]
["Área das UPAs com (1, 2] ha","hectare",1,{"v":2,"d":"2.0"},{"v":2,"d":"2.0"},{"v":2,"d":"2.0"},{"v":2,"d":"2.0"}]
["Área das UPAs com (2, 5] ha","hectare",31,2.2,{"v":3.85,"d":"3.9"},{"v":5,"d":"5.0"},119.5]
["Área das UPAs com (5, 10] ha","hectare",115,5.4,{"v":7.63,"d":"7.6"},{"v":10,"d":"10.0"},{"v":877.86,"d":"877.9"}]
["Área das UPAs com (10, 20] ha","hectare",157,{"v":10.15,"d":"10.2"},15.1,{"v":20,"d":"20.0"},{"v":2370.88,"d":"2,370.9"}]
["Área das UPAs com (20, 50] ha","hectare",255,20.5,{"v":31.88,"d":"31.9"},{"v":50,"d":"50.0"},{"v":8129.63,"d":"8,129.6"}]
["Área das UPAs com (50, 100] ha","hectare",141,50.5,{"v":69.97,"d":"70.0"},{"v":100,"d":"100.0"},{"v":9866.05,"d":"9,866.1"}]
["Área das UPAs com (100, 200] ha","hectare",88,100.1,138.1,183.9,{"v":12152.58,"d":"12,152.6"}]
["Área das UPAs com (200, 500] ha","hectare",52,201.4,{"v":270.21,"d":"270.2"},{"v":494.81,"d":"494.8"},{"v":14051.16,"d":"14,051.2"}]
["Área das UPAs com (500, 1.000] ha","hectare",16,514.4,{"v":670.94,"d":"670.9"},974.2,{"v":10735.11,"d":"10,735.1"}]
["Área das UPAs com (1.000, 2.000] ha","hectare",4,{"v":1127.35,"d":"1,127.4"},{"v":1465.99,"d":"1,466.0"},{"v":1985,"d":"1,985.0"},{"v":5863.95,"d":"5,864.0"}]
["Área das UPAs com (2.000, 5.000] ha","hectare",1,{"v":2868.3,"d":"2,868.3"},{"v":2868.3,"d":"2,868.3"},{"v":2868.3,"d":"2,868.3"},{"v":2868.3,"d":"2,868.3"}]
["Área das UPAs com (5.000, 10.000] ha","hectare","-","-","-","-","-"]
["Área das UPAs acima de 10.000 ha","hectare","-","-","-","-","-"]
["Fonte: Secretaria de Agricultura e Abastecimento, CDRS/IEA, Projeto LUPA."]
[]
["TABELA 276.2 - Explorações Animais, Município de Jaboticabal, Estado de São Paulo, 2016/17."]
["ITEM","UNIDADE","N.DE UPAs","MÍNIMO","MÉDIO","MÁXIMO","TOTAL"]
["Asininos e muares","cabecas",1,{"v":4,"d":"4.0"},{"v":4,"d":"4.0"},{"v":4,"d":"4.0"},{"v":4,"d":"4.0"}]
["Avicultura de corte","cabecas/ano",25,{"v":20,"d":"20.0"},{"v":984.56,"d":"984.6"},{"v":19500,"d":"19,500.0"},{"v":24614,"d":"24,614.0"}]
["Avicultura ornamental/decorativa/exotica","cabecas",1,{"v":50,"d":"50.0"},{"v":50,"d":"50.0"},{"v":50,"d":"50.0"},{"v":50,"d":"50.0"}]
["Avicultura para ovos","cabecas",19,{"v":15,"d":"15.0"},{"v":403.68,"d":"403.7"},{"v":4500,"d":"4,500.0"},{"v":7670,"d":"7,670.0"}]
["Bovinocultura de corte","cabecas",19,{"v":2,"d":"2.0"},{"v":98.58,"d":"98.6"},{"v":900,"d":"900.0"},{"v":1873,"d":"1,873.0"}]
["Bovinocultura leiteira","cabecas",26,{"v":1,"d":"1.0"},{"v":38.85,"d":"38.9"},{"v":240,"d":"240.0"},{"v":1010,"d":"1,010.0"}]
["Bovinocultura mista","cabecas",55,{"v":2,"d":"2.0"},{"v":22.33,"d":"22.3"},{"v":250,"d":"250.0"},{"v":1228,"d":"1,228.0"}]
["Bubalinocultura","cabecas",2,{"v":12,"d":"12.0"},{"v":13,"d":"13.0"},{"v":14,"d":"14.0"},{"v":26,"d":"26.0"}]
["Caprinocultura","cabecas",6,{"v":16,"d":"16.0"},{"v":54.33,"d":"54.3"},{"v":140,"d":"140.0"},{"v":326,"d":"326.0"}]
["Codornicultura","cabecas",1,{"v":160,"d":"160.0"},{"v":160,"d":"160.0"},{"v":160,"d":"160.0"},{"v":160,"d":"160.0"}]
["Cunicultura","cabecas",1,{"v":50,"d":"50.0"},{"v":50,"d":"50.0"},{"v":50,"d":"50.0"},{"v":50,"d":"50.0"}]
["Equinocultura","cabecas",30,{"v":1,"d":"1.0"},{"v":6.17,"d":"6.2"},{"v":69,"d":"69.0"},{"v":185,"d":"185.0"}]
["Ovinocultura","cabecas",15,{"v":9,"d":"9.0"},{"v":36.07,"d":"36.1"},{"v":120,"d":"120.0"},{"v":541,"d":"541.0"}]
["Piscicultura","m2 tanques",3,{"v":10,"d":"10.0"},{"v":903.33,"d":"903.3"},{"v":1700,"d":"1,700.0"},{"v":2710,"d":"2,710.0"}]
["Sericicultura","gramas larvas/ano",1,{"v":30,"d":"30.0"},{"v":30,"d":"30.0"},{"v":30,"d":"30.0"},{"v":30,"d":"30.0"}]
["Suinocultura","cabecas",33,{"v":3,"d":"3.0"},53.7,{"v":586,"d":"586.0"},{"v":1772,"d":"1,772.0"}]
["Fonte: Secretaria de Agricultura e Abastecimento, CDRS/IEA, Projeto LUPA."]
[]
["TABELA 276.3 -  Máquinas, Implementos e Benfeitorias, Município de Jaboticabal, Estado de São Paulo, 2016/17."]
["ITEM","UNIDADE","N.DE UPAs","MÍNIMO","MÉDIO","MÁXIMO","TOTAL"]
["Arado comum (bacia, aiveca)","unidade",81,{"v":1,"d":"1.0"},1.6,{"v":7,"d":"7.0"},{"v":130,"d":"130.0"}]
["Arado escarificador","unidade",15,{"v":1,"d":"1.0"},1.2,{"v":3,"d":"3.0"},{"v":18,"d":"18.0"}]
["Arado subsolador","unidade",72,{"v":1,"d":"1.0"},{"v":1.33,"d":"1.3"},{"v":6,"d":"6.0"},{"v":96,"d":"96.0"}]
["Batedeira de cereais","unidade",4,{"v":1,"d":"1.0"},3.5,{"v":6,"d":"6.0"},{"v":14,"d":"14.0"}]
["Carregadeira de cana","unidade",38,{"v":1,"d":"1.0"},{"v":1.74,"d":"1.7"},{"v":16,"d":"16.0"},{"v":66,"d":"66.0"}]
["Carreta de trator","unidade",3,{"v":1,"d":"1.0"},{"v":2.33,"d":"2.3"},{"v":3,"d":"3.0"},{"v":7,"d":"7.0"}]
["Colhedeira acoplada","unidade",43,{"v":1,"d":"1.0"},{"v":2.86,"d":"2.9"},{"v":20,"d":"20.0"},{"v":123,"d":"123.0"}]
["Colhedeira automotriz","unidade",17,{"v":1,"d":"1.0"},{"v":1.94,"d":"1.9"},{"v":7,"d":"7.0"},{"v":33,"d":"33.0"}]
["Computador","unidade",5,{"v":1,"d":"1.0"},3.6,{"v":14,"d":"14.0"},{"v":18,"d":"18.0"}]
["Conj.irrigacao autopropelido","unidade",5,{"v":1,"d":"1.0"},2.2,{"v":7,"d":"7.0"},{"v":11,"d":"11.0"}]
["Conj.irrigacao convencional","unidade",13,{"v":1,"d":"1.0"},{"v":1.15,"d":"1.2"},{"v":2,"d":"2.0"},{"v":15,"d":"15.0"}]
["Conj.irrigacao pivot central","unidade",6,{"v":1,"d":"1.0"},{"v":1.17,"d":"1.2"},{"v":2,"d":"2.0"},{"v":7,"d":"7.0"}]
["Conj.irrigacao/gotejamento/microaspersao","unidade",4,{"v":1,"d":"1.0"},{"v":1.25,"d":"1.3"},{"v":2,"d":"2.0"},{"v":5,"d":"5.0"}]
["Conjunto de fenacao","unidade",5,{"v":1,"d":"1.0"},{"v":1,"d":"1.0"},{"v":1,"d":"1.0"},{"v":5,"d":"5.0"}]
["Desintegrador de palha (plantio direto)","unidade",4,{"v":1,"d":"1.0"},1.5,{"v":2,"d":"2.0"},{"v":6,"d":"6.0"}]
["Desintegrador, picador, triturador","unidade",67,{"v":1,"d":"1.0"},{"v":1.24,"d":"1.2"},{"v":3,"d":"3.0"},{"v":83,"d":"83.0"}]
["Distribuidor de calcario","unidade",44,{"v":1,"d":"1.0"},{"v":1.16,"d":"1.2"},{"v":3,"d":"3.0"},{"v":51,"d":"51.0"}]
["Ensiladeira","unidade",16,{"v":1,"d":"1.0"},{"v":1.44,"d":"1.4"},{"v":2,"d":"2.0"},{"v":23,"d":"23.0"}]
["Grade aradora (tipo romi)","unidade",77,{"v":1,"d":"1.0"},{"v":1.57,"d":"1.6"},{"v":4,"d":"4.0"},{"v":121,"d":"121.0"}]
["Grade niveladora","unidade",85,{"v":1,"d":"1.0"},{"v":1.88,"d":"1.9"},{"v":13,"d":"13.0"},{"v":160,"d":"160.0"}]
["Máquina de classificar frutas","unidade",1,{"v":6,"d":"6.0"},{"v":6,"d":"6.0"},{"v":6,"d":"6.0"},{"v":6,"d":"6.0"}]
["Misturador de racao","unidade",9,{"v":1,"d":"1.0"},{"v":1.33,"d":"1.3"},{"v":3,"d":"3.0"},{"v":12,"d":"12.0"}]
["Mmicrotrator","unidade",7,{"v":1,"d":"1.0"},{"v":1.43,"d":"1.4"},{"v":2,"d":"2.0"},{"v":10,"d":"10.0"}]
["Ordenhadeira mecanica","unidade",6,{"v":1,"d":"1.0"},{"v":1.67,"d":"1.7"},{"v":4,"d":"4.0"},{"v":10,"d":"10.0"}]
["Pulverizador tratorizado","unidade",107,{"v":1,"d":"1.0"},{"v":1.86,"d":"1.9"},{"v":6,"d":"6.0"},{"v":199,"d":"199.0"}]
["Resfriador de leite, tanque expansao","unidade",5,{"v":1,"d":"1.0"},1.2,{"v":2,"d":"2.0"},{"v":6,"d":"6.0"}]
["Roçadeira costal","unidade",3,{"v":1,"d":"1.0"},{"v":1,"d":"1.0"},{"v":1,"d":"1.0"},{"v":3,"d":"3.0"}]
["Roçadeira tratorizada","unidade",17,{"v":1,"d":"1.0"},{"v":1.18,"d":"1.2"},{"v":2,"d":"2.0"},{"v":20,"d":"20.0"}]
["Roçadora","unidade",3,{"v":1,"d":"1.0"},{"v":1,"d":"1.0"},{"v":1,"d":"1.0"},{"v":3,"d":"3.0"}]
["Semeadeira/adubadeira para plantio convencional","unidade",55,{"v":1,"d":"1.0"},{"v":1.55,"d":"1.6"},{"v":5,"d":"5.0"},{"v":85,"d":"85.0"}]
["Semeadeira/plantadeira plantio direto","unidade",27,{"v":1,"d":"1.0"},{"v":1.48,"d":"1.5"},{"v":3,"d":"3.0"},{"v":40,"d":"40.0"}]
["Terraceador","unidade",13,{"v":1,"d":"1.0"},{"v":1.15,"d":"1.2"},{"v":3,"d":"3.0"},{"v":15,"d":"15.0"}]
["Trator de esteiras","unidade",4,{"v":1,"d":"1.0"},{"v":1,"d":"1.0"},{"v":1,"d":"1.0"},{"v":4,"d":"4.0"}]
["Trator de pneus  acima de 85 cv","unidade",162,{"v":1,"d":"1.0"},{"v":4.23,"d":"4.2"},{"v":90,"d":"90.0"},{"v":685,"d":"685.0"}]
["Trator de pneus até 65 cv","unidade",7,{"v":1,"d":"1.0"},{"v":1.29,"d":"1.3"},{"v":2,"d":"2.0"},{"v":9,"d":"9.0"}]
["Trator de pneus de 66 cv a 85 cv","unidade",16,{"v":1,"d":"1.0"},{"v":2.63,"d":"2.6"},{"v":15,"d":"15.0"},{"v":42,"d":"42.0"}]
["Acude/represa","unidade",96,{"v":1,"d":"1.0"},1.5,{"v":5,"d":"5.0"},{"v":144,"d":"144.0"}]
["Alambique","unidade",3,{"v":1,"d":"1.0"},{"v":1,"d":"1.0"},{"v":1,"d":"1.0"},{"v":3,"d":"3.0"}]
["Almoxarifado/oficina","unidade",37,{"v":1,"d":"1.0"},{"v":1.14,"d":"1.1"},{"v":3,"d":"3.0"},{"v":42,"d":"42.0"}]
["Armazem para graos ensacados","sacas",19]
["Balanca para bovinos","unidade",11,{"v":1,"d":"1.0"},{"v":1.09,"d":"1.1"},{"v":2,"d":"2.0"},{"v":12,"d":"12.0"}]
["Balanca para veiculos","unidade",10,{"v":1,"d":"1.0"},1.5,{"v":3,"d":"3.0"},{"v":15,"d":"15.0"}]
["Barracao para bicho da seda/sirgaria","unidade",2,{"v":1,"d":"1.0"},1.5,{"v":2,"d":"2.0"},{"v":3,"d":"3.0"}]
["Barracao para granja/avicultura","unidade",24,{"v":1,"d":"1.0"},{"v":1.71,"d":"1.7"},{"v":6,"d":"6.0"},{"v":41,"d":"41.0"}]
["Barracao/galpao/garagem","unidade",199,{"v":1,"d":"1.0"},{"v":1.77,"d":"1.8"},{"v":12,"d":"12.0"},{"v":352,"d":"352.0"}]
["Biodigestor","unidade",1,{"v":1,"d":"1.0"},{"v":1,"d":"1.0"},{"v":1,"d":"1.0"},{"v":1,"d":"1.0"}]
["Casa de moradia habitada","unidade",290,{"v":1,"d":"1.0"},{"v":2.05,"d":"2.1"},{"v":40,"d":"40.0"},{"v":594,"d":"594.0"}]
["Casa de moradia total","unidade",320,{"v":1,"d":"1.0"},2.5,{"v":50,"d":"50.0"},{"v":799,"d":"799.0"}]
["Curral/mangueira","unidade",132,{"v":1,"d":"1.0"},1.1,{"v":3,"d":"3.0"},{"v":145,"d":"145.0"}]
["Deposito/tulha","unidade",65,{"v":1,"d":"1.0"},{"v":1.29,"d":"1.3"},{"v":4,"d":"4.0"},{"v":84,"d":"84.0"}]
["Engenho","unidade",1,{"v":1,"d":"1.0"},{"v":1,"d":"1.0"},{"v":1,"d":"1.0"},{"v":1,"d":"1.0"}]
["Estabulo","unidade",11,{"v":1,"d":"1.0"},{"v":1.45,"d":"1.5"},{"v":6,"d":"6.0"},{"v":16,"d":"16.0"}]
["Estacao/posto meteorologico","unidade",4,{"v":1,"d":"1.0"},{"v":1,"d":"1.0"},{"v":1,"d":"1.0"},{"v":4,"d":"4.0"}]
["Estufa/plasticultura","m2",12]
["Fabrica de racao","unidade",6,{"v":1,"d":"1.0"},{"v":1,"d":"1.0"},{"v":1,"d":"1.0"},{"v":6,"d":"6.0"}]
["Instalacoes para equinos","unidade",11,{"v":1,"d":"1.0"},{"v":9.18,"d":"9.2"},{"v":70,"d":"70.0"},{"v":101,"d":"101.0"}]
["Maquina de beneficio","unidade",4,{"v":1,"d":"1.0"},{"v":1,"d":"1.0"},{"v":1,"d":"1.0"},{"v":4,"d":"4.0"}]
["Olaria","unidade",1,{"v":1,"d":"1.0"},{"v":1,"d":"1.0"},{"v":1,"d":"1.0"},{"v":1,"d":"1.0"}]
["Pocilga","unidade",67,{"v":1,"d":"1.0"},{"v":1.61,"d":"1.6"},{"v":10,"d":"10.0"},{"v":108,"d":"108.0"}]
["Poco semi-artesiano","unidade",72,{"v":1,"d":"1.0"},{"v":1.14,"d":"1.1"},{"v":4,"d":"4.0"},{"v":82,"d":"82.0"}]
["Secador de graos","unidade",2,{"v":1,"d":"1.0"},{"v":1,"d":"1.0"},{"v":1,"d":"1.0"},{"v":2,"d":"2.0"}]
["Silo para graos","ton",4]
["Silo para silagem","ton",8]
["Terreiro","m2",17]
["Usina de acucar/destilaria","unidade",3,{"v":1,"d":"1.0"},{"v":1,"d":"1.0"},{"v":1,"d":"1.0"},{"v":3,"d":"3.0"}]
["Fonte: Secretaria de Agricultura e Abastecimento, CDRS/IEA, Projeto LUPA."]
[]
["TABELA 276.4 - Outras Estatísticas Agrícolas, Município de Jaboticabal, Estado de São Paulo, 2016/17."]
["ITEM","Número de UPAs",null,"Percentual"]
["Faz Parte de Associação de Produtores",372,null,{"v":43.15545243619489,"d":"43.2"}]
["Faz Parte de Cooperativa de Produtores",442,null,{"v":51.27610208816706,"d":"51.3"}]
["Faz Parte do Sindicato de Produtores",272,null,{"v":31.554524361948957,"d":"31.6"}]
["Não utiliza assistência técnica ",419,null,{"v":48.60788863109049,"d":"48.6"}]
["Utiliza somente assistência técnica governamental ",62,null,{"v":7.192575406032483,"d":"7.2"}]
["Utiliza somente assistência técnica privada ",267,null,{"v":30.97447795823666,"d":"31.0"}]
["Utiliza assistência técnica tanto governamental quanto privada",114,null,{"v":13.22505800464037,"d":"13.2"}]
["Utiliza Crédito Rural",241,null,{"v":27.958236658932716,"d":"28.0"}]
["Utiliza Seguro Rural",114,null,{"v":13.22505800464037,"d":"13.2"}]
["Utiliza Escrituração Agrícola",286,null,{"v":33.17865429234339,"d":"33.2"}]
["Acessa Internet p/ Fins na Agropecuária",139,null,{"v":16.125290023201856,"d":"16.1"}]
["Utiliza Computador nas Atividades Agropecuárias",145,null,{"v":16.82134570765661,"d":"16.8"}]
["Utiliza Energia Elétrica Para Uso na Atividade Agrícola",362,null,{"v":41.995359628770295,"d":"42.0"}]
["Utiliza Energia Alternativa",5,null,{"v":0.580046403712297,"d":"0.6"}]
["Realiza Análise de Solo, quando necessário",377,null,{"v":43.735498839907194,"d":"43.7"}]
["Realiza Calagem",98,null,{"v":11.368909512761022,"d":"11.4"}]
["Utiliza Práticas de Conservação de Solo, quando necessário",532,null,{"v":61.716937354988396,"d":"61.7"}]
["Faz Adubação Mineral, quando necessário",524,null,{"v":60.78886310904873,"d":"60.8"}]
["Faz Adubação Orgânica, quando necessário",99,null,{"v":11.48491879350348,"d":"11.5"}]
["Faz Adubação Verde, quando necessário",79,null,{"v":9.164733178654291,"d":"9.2"}]
["Utiliza Manejo Integrado de Pragas (MIP)",52,null,{"v":6.0324825986078885,"d":"6.0"}]
["Utiliza Hidroponia","-",null,"-"]
["Utiliza Cultivo em Estufa",5,null,{"v":0.580046403712297,"d":"0.6"}]
["Utiliza Mudas Fiscalizadas",146,null,{"v":16.937354988399072,"d":"16.9"}]
["Utiliza Semente Melhorada",79,null,{"v":9.164733178654291,"d":"9.2"}]
["Faz Confinamento de Bovinos",18,null,{"v":2.0881670533642693,"d":"2.1"}]
["Utiliza Pastejo Intensivo",22,null,{"v":2.552204176334107,"d":"2.6"}]
["Faz Inseminação Artificial",3,null,{"v":0.3480278422273782,"d":"0.3"}]
["Faz Mineralização do Rebanho",58,null,{"v":6.728538283062646,"d":"6.7"}]
["Faz Vermifugação do Rebanho",61,null,{"v":7.076566125290023,"d":"7.1"}]
["Possui Parceiros /Arrendatários na Exploração Animal",40,null,{"v":4.640371229698376,"d":"4.6"}]
["Existência de trabalhadores c/ deficiência na UPA","-",null,"-"]
["Esporte e lazer",9,null,{"v":1.0440835266821347,"d":"1.0"}]
["Extração mineral",2,null,{"v":0.23201856148491878,"d":"0.2"}]
["Hotel Fazenda, Pousada ou SPA",1,null,{"v":0.11600928074245939,"d":"0.1"}]
["Pesque-pague",1,null,{"v":0.11600928074245939,"d":"0.1"}]
["Restaurante ou Lanchonete","-",null,"-"]
["Transformação artesanal","-",null,"-"]
["Turismo rural ou ecoturismo","-",null,"-"]
["Outras atividades econômicas rurais",2,null,{"v":0.23201856148491878,"d":"0.2"}]
["Agroindústria",2,null,{"v":0.23201856148491878,"d":"0.2"}]
["Proprietário sem instrução ou com instrução incompleta",12,null,{"v":1.3921113689095128,"d":"1.4"}]
["Proprietário com antigo primário completo",256,null,{"v":29.698375870069604,"d":"29.7"}]
["Proprietário com 1° grau (ou antigo ginasial) completo",156,null,{"v":18.097447795823665,"d":"18.1"}]
["Proprietário com 2° grau (ou antigo colegial) completo",142,null,{"v":16.473317865429234,"d":"16.5"}]
["Proprietário com curso superior completo ",213,null,{"v":24.709976798143853,"d":"24.7"}]
["Pessoa Jurídica",83,null,{"v":9.62877030162413,"d":"9.6"}]
["Proprietário residente na própria UPA ",108,null,{"v":12.529002320185615,"d":"12.5"}]
["Fonte: Secretaria de Agricultura e Abastecimento, CDRS/IEA, Projeto LUPA."]
[]
["TABELA 276.5 - Área Cultivada, Município de Jaboticabal, Estado de São Paulo, 2016/17."]
["CULTURA","N.DE UPAs","MÍNIMO","MÉDIO","MÁXIMO","TOTAL"]
["Cana-de-acucar finalidade industria",752,{"v":1,"d":"1.0"},{"v":74.85,"d":"74.9"},{"v":2657.5,"d":"2,657.5"},{"v":56285.5,"d":"56,285.5"}]
["Amendoim",340,0.4,{"v":13.83,"d":"13.8"},{"v":340,"d":"340.0"},{"v":4701.5,"d":"4,701.5"}]
["Soja",35,{"v":2,"d":"2.0"},{"v":33.25,"d":"33.3"},165.3,{"v":1163.7,"d":"1,163.7"}]
["Milho safra",67,0.5,{"v":12.29,"d":"12.3"},{"v":150,"d":"150.0"},823.1]
["Gramas",93,0.2,{"v":7.33,"d":"7.3"},{"v":112,"d":"112.0"},681.5]
["Braquiaria",85,0.3,{"v":6.75,"d":"6.8"},81.3,574.1]
["Cebola",11,1.6,{"v":23.79,"d":"23.8"},{"v":65,"d":"65.0"},261.7]
["Tomate rasteiro",4,{"v":23,"d":"23.0"},{"v":40.15,"d":"40.2"},{"v":65,"d":"65.0"},160.6]
["Goiaba",14,0.1,{"v":6.71,"d":"6.7"},34.8,93.9]
["Eucalipto",40,0.1,2.1,{"v":37,"d":"37.0"},83.8]
["Laranja Industria",8,0.2,{"v":8.26,"d":"8.3"},{"v":54,"d":"54.0"},66.1]
["Outras gramineas para pastagem",7,1.5,9.1,23.8,63.7]
["Macadamia (ou noz-macadamia)",1,61.1,61.1,61.1,61.1]
["Manga",9,0.1,{"v":6.58,"d":"6.6"},{"v":39,"d":"39.0"},59.2]
["Outras florestais",16,0.5,{"v":3.61,"d":"3.6"},16.9,57.7]
["Coloniao",4,{"v":5,"d":"5.0"},{"v":11.43,"d":"11.4"},{"v":18,"d":"18.0"},45.7]
["Milho 2 safra",2,{"v":15,"d":"15.0"},20.5,{"v":26,"d":"26.0"},{"v":41,"d":"41.0"}]
["Mandioca",19,0.3,{"v":1.69,"d":"1.7"},8.2,32.1]
["Limao",8,0.1,{"v":2.91,"d":"2.9"},{"v":11,"d":"11.0"},23.3]
["Seringueira",1,{"v":23,"d":"23.0"},{"v":23,"d":"23.0"},{"v":23,"d":"23.0"},{"v":23,"d":"23.0"}]
["Alface",5,0.2,{"v":4.52,"d":"4.5"},{"v":16,"d":"16.0"},22.6]
["Pomar domestico",9,0.2,1.2,3.7,10.8]
["Cana-de-acucar outras finalidades",3,{"v":1,"d":"1.0"},2.8,{"v":4,"d":"4.0"},8.4]
["Arroz",1,7.3,7.3,7.3,7.3]
["Abobora (ou jerimum)",11,0.1,{"v":0.65,"d":"0.7"},{"v":1,"d":"1.0"},7.2]
["Outras olericolas",6,0.2,{"v":1.07,"d":"1.1"},2.5,6.4]
["Cafe",6,0.4,{"v":0.98,"d":"1.0"},{"v":2,"d":"2.0"},5.9]
["Couve (ou couve-crespa)",3,0.2,{"v":1.53,"d":"1.5"},2.4,4.6]
["Berinjela",3,0.2,{"v":1.53,"d":"1.5"},2.4,4.6]
["Brocolos (ou brocolis)",2,{"v":2,"d":"2.0"},2.2,2.4,4.4]
["Outras culturas temporárias",1,3.2,3.2,3.2,3.2]
["Cebolinha",2,1.2,1.6,{"v":2,"d":"2.0"},3.2]
["Quiabo",4,0.1,{"v":0.78,"d":"0.8"},2.4,3.1]
["Palmito",1,{"v":3,"d":"3.0"},{"v":3,"d":"3.0"},{"v":3,"d":"3.0"},{"v":3,"d":"3.0"}]
["Sorgo-vassoura",2,1.2,{"v":1.35,"d":"1.4"},1.5,2.7]
["Feijao-vagem (ou vagem, ou feijao-verde)",1,2.2,2.2,2.2,2.2]
["Capim-napier (ou capim-elefante)",1,1.6,1.6,1.6,1.6]
["Mucuna",1,{"v":1,"d":"1.0"},{"v":1,"d":"1.0"},{"v":1,"d":"1.0"},{"v":1,"d":"1.0"}]
["Banana",2,0.5,0.5,0.5,{"v":1,"d":"1.0"}]
["Pupunha",1,0.9,0.9,0.9,0.9]
["Couve-flor",1,0.8,0.8,0.8,0.8]
["Tangerina",2,0.3,0.4,0.5,0.8]
["Outras frutiferas",1,0.6,0.6,0.6,0.6]
["Maxixe (ou pepino-das-antilhas)",2,0.1,0.3,0.5,0.6]
["Feijao-de-corda",1,0.2,0.2,0.2,0.2]
["Feijao-guandu (ou guandu, ou andu)",1,0.2,0.2,0.2,0.2]
["Fonte: Secretaria de Agricultura e Abastecimento, CDRS/IEA, Projeto LUPA."]